|
|
|
|
| LEADER |
00000nam a2200000 4500 |
| 008 |
190422b2001 sp a|||| |||| 00| 0 spa d |
| 999 |
|
|
|c 3697
|d 3697
|
| 020 |
|
|
|a 8471335654
|
| 090 |
|
|
|a 06.01.01
|b 2546
|
| 100 |
|
|
|9 4538
|a Cohen, Louis
|
| 245 |
1 |
0 |
|a Métodos de investigación educativa /
|c Louis Cohen, Lawrence Manion
|
| 250 |
|
|
|a 2 edición
|
| 260 |
|
|
|a Madrid :
|b Editorial LA MURALLA,
|c 2002
|
| 300 |
|
|
|a 502 páginas;
|b ilustraciones
|
| 490 |
|
|
|a Colección Aula Abierta
|
| 650 |
1 |
4 |
|9 326
|a INVESTIGACIÓN EDUCATIVA
|
| 650 |
1 |
4 |
|9 1
|a EDUCACIÓN
|
| 650 |
1 |
4 |
|9 285
|a METODOLOGÍA
|
| 700 |
|
|
|9 4539
|a Manion, Lawrence
|
| 942 |
|
|
|i 004574
|h 06.01.01 2546
|2 z
|c 01
|